FUNDAMENTALS OF DATABASE SYSTEMS (Record no. 216603)

MARC details
000 -LEADER
fixed length control field 00542nam a22001937a 4500
008 - FIXED-LENGTH DATA ELEMENTS--GENERAL INFORMATION
fixed length control field 260224b |||||||| |||| 00| 0 eng d
020 ## - INTERNATIONAL STANDARD BOOK NUMBER
International Standard Book Number 978-0-13-397077-7
050 ## - LIBRARY OF CONGRESS CALL NUMBER
Classification number QA 76.9 .D3 E46 2016
Item number 1
100 ## - MAIN ENTRY--PERSONAL NAME
Personal name ELMASRI,RAMEZ
245 ## - TITLE STATEMENT
Title FUNDAMENTALS OF DATABASE SYSTEMS
250 ## - EDITION STATEMENT
Edition statement 7
260 ## - PUBLICATION, DISTRIBUTION, ETC.
Place of publication, distribution, etc. BOSTON,
Name of publisher, distributor, etc. PEARSON,
Date of publication, distribution, etc. 2016,
300 ## - PHYSICAL DESCRIPTION
Extent XXX, 1242 P, ILL
500 ## - GENERAL NOTE
General note INCLUDES BIBLIOGRAPHICAL REFERENCES AND INDEX
650 ## - SUBJECT ADDED ENTRY
Topical term or geographic name entry element DATABASE MANAGEMENT
700 ## - ADDED ENTRY--PERSONAL NAME
Personal name NAVATHE, SHAMKANT B
942 ## - ADDED ENTRY ELEMENTS (KOHA)
Source of classification or shelving scheme Library of Congress Classification
Koha item type Long Loan Book
Holdings
Withdrawn status Lost status Source of classification or shelving scheme Damaged status Not for loan Collection Home library Current library Shelving location Date acquired Inventory number Total checkouts Full call number Barcode Date due Date last seen Copy number Price effective from Koha item type
    Library of Congress Classification     Science & Technology Kisii University Library Kisii University Library On Display 02/24/2026 111289   QA 76.9 .D3 E46 2016 A000989 02/24/2026 02/24/2026 1 02/24/2026 Long Loan Book
    Library of Congress Classification     Science & Technology Kisii University Library Kisii University Library On Display 02/24/2026 111290   QA 76.9 .D3 E46 2016 A000990 02/24/2026 02/24/2026 2 02/24/2026 Long Loan Book
    Library of Congress Classification     Science & Technology Kisii University Library Kisii University Library On Display 02/24/2026 111291   QA 76.9 .D3 E46 2016 A000992 02/24/2026 02/24/2026 3 02/24/2026 Long Loan Book
    Library of Congress Classification     Science & Technology Kisii University Library Kisii University Library On Display 02/24/2026 111292   QA 76.9 .D3 E46 2016 A000991 02/24/2026 02/24/2026 4 02/24/2026 Long Loan Book
    Library of Congress Classification     Science & Technology Kisii University Library Kisii University Library On Display 02/24/2026 111293   QA 76.9 .D3 E46 2016 A000987 02/24/2026 02/24/2026 5 02/24/2026 Long Loan Book